00979 2200361 4500001002100000005001500021035002000036007000300056040001700059100002500076245005200101250001000153300004100163504002500204020002200229041000800251082001000259084001600269090002200285264003400307336002100341337003000362338002300392650001900415700003000434850001000464008004100474990001800515990002200533990002200555990002200577990001800599INLIS00000000000746020260602111704 a0010-0822000434ta aSBPUPADbind0 aAra RossiePengarang1 aSeratus Satu Resep Sambal Mak Nyus /cAra Rossi aCet.1 axxii, 106 hlm :bilus. ;c15 x 15 cm aBibliografi, hlm 106 a978-979-29-2214-107aind a641.6 a641.5 ARA s a641.5 ARA s T5-2 aYogyakarta :bGramedia,c2010 2rdacontentateks 2rdamediaatanpa perantara 2rdacarrieravolume 4aKuliner Daerah0 aEditor, Fiva SePengarang aPUPAD260602 0  a14824/Br/2019 a27.223/H/DPK/2018 a27.224/P/DPK/2018 a27.222/H/DPK/2018 a14827/Br/2019